Pelanduk Hutan keningau

Bibliographic Details
Main Author: Mahmud Eddie
Format: Book
Published: Kuala Lumpur : DBP , 1992
Subjects:

MARC

LEADER 00000cam a2200000 7i4500
001 0000007643
002 000008211
005 20011211.0
020 |a 9836209484 
090 0 0 |a JF   |b MAH 
100 0 |a Mahmud Eddie 
245 1 0 |a Pelanduk Hutan keningau   |c Mahmud Eddie 
260 |a Kuala Lumpur :   |b DBP ,   |c 1992 
300 |a 122p. :   |b ill ;   |c 18cm. 
650 0 0 |a Adventure stories 
999 |a 055001   |b BUKU   |c PINJAMAN   |e PERPUSTAKAAN KOMUNITI CAW KOTA DAMANSARA 
999 |a 055002   |b BUKU   |c PINJAMAN   |e PERPUSTAKAAN KOMUNITI CAW KOTA DAMANSARA